Language Quiz

Random Language or Letter Quiz

9 Ways Not to 'Slink' Away Quiz Stats

 Plays Quiz not verified by Sporcle

Challenge
Share
Tweet
Embed
Score 0/9 Timer 01:30
0 Plays Today
Hint Answer % Correct
Change the SBlink
96.7%
Change the SClink
96%
Change the LStink
96%
Change the ISlunk
94.4%
Change the NSlick
89.7%
Change the SPlink
88%
Change the LSwink
88%
Change the KSling
83.1%
Change the LSkink
72.4%

You're not logged in!

Compare scores with friends on all Sporcle quizzes.
Join for Free
OR
Log In

You Might Also Like...

Show Comments

Extras

Top Quizzes Today


Score Distribution

Your Account Isn't Verified!

In order to create a playlist on Sporcle, you need to verify the email address you used during registration. Go to your Sporcle Settings to finish the process.

Report this User

Report this user for behavior that violates our Community Guidelines.

Details: